Blue Sky : The Art of Computer Animation: Featuring Ice Age and Bunny /

Peter Weishar, profesor de animación por computadora en Nueva York, hace un recorrido paso por paso a través de la realización de dos películas de animación por computadora norteamericanas: Bunny, ganadora en 1998 del Premio de la Academia y Ice Age realizada en 1999, ambas de la empresa Blue Sky. A...

Бүрэн тодорхойлолт

-д хадгалсан:
Номзүйн дэлгэрэнгүй
Үндсэн зохиолч: Weishar, Peter (autor)
Формат: Ном
Хэл сонгох:англи
Хэвлэсэн: Nueva York, EUA : Harry N. Abrams, 2002, c2002
Нөхцлүүд:
Шошгууд: Шошго нэмэх
Шошго байхгүй, Энэхүү баримтыг шошголох эхний хүн болох!

MARC

LEADER 00000nam^a2200000^a^4500
001 000154350
005 20250521000000.0
009 20260310100351.102
037 |a Acervo ITESO - Biblioteca 
041 |a ING 
082 |a 302. 235211  |b WEI 
100 |a Weishar, Peter  |e (autor) 
245 1 0 |a Blue Sky :  |b The Art of Computer Animation: Featuring Ice Age and Bunny /  |c P. Weishar ; ed. Eric Himmel. 
264 4 |a Nueva York, EUA :  |b Harry N. Abrams,  |c 2002, c2002 
336 |a texto  |b txt  |2 rdacontenido 
337 |a sin mediación  |b n  |2 rdamedio 
338 |a volumen  |b nc  |2 rdasoporte 
520 |a Peter Weishar, profesor de animación por computadora en Nueva York, hace un recorrido paso por paso a través de la realización de dos películas de animación por computadora norteamericanas: Bunny, ganadora en 1998 del Premio de la Academia y Ice Age realizada en 1999, ambas de la empresa Blue Sky. Algunos de los temas que el autor aborda son la maquetación de los personajes, layout en 3D, diseño de produción y del set; efectos especiales, animación, iluminación, composción con la acción viva, piel y pelo. 
649 |a XX 
650 |a Cine de Animación por Computadora 
650 |a Cortometrajes y Mediometrajes Norteamericanos 
650 |a Cine de Animación 
650 |a Películas Infantiles 
650 |a Comunicación Visual 
650 |a Animación por Computadora 
650 |a Manipulación de Imagen por Computadora 
650 |a Manipulación de Sonido por Computadora 
650 |a Maquetas 
650 |a Métodos de Simulación 
650 |a Computadoras 
650 |a Multimedia 
650 |a Tecnologías de Comunicación e Información 
910 |a Fondo General 
920 |a Impresos - Libros 
930 |a Reserva Especial 
905 |a 103 
901 |a 0500086418  |b IT1  |c REE  |u 20250521 
902 |a https://opac.biblio.iteso.mx/vufind/Record/000154350